[Event "Acropolis GM Open"]
[Site "Athens GRE"]
[Date "2005.03.07"]
[Round "2"]
[White "Gkogkas,D"]
[Black "Gashimov,V"]
[Result "0-1"]
[WhiteElo "2149"]
[BlackElo "2585"]

1.d4 Nf6 2.c4 e6 3.Nc3 Bb4 4.e3 O-O 5.Ne2 d5 6.a3 Be7 7.Ng3 c5 8.dxc5 dxc4
9.Qc2 b5 10.cxb6 Bb7 11.f3 Qxb6 12.Bxc4 Rc8 13.b3 Nd5 14.Na4 Nxe3 15.Qf2 Qa5+
16.Bd2 Qe5 17.Bc3 Qf4 18.Bd2 Qf6 19.Bc3 Qh6 20.Bd2 Bg5 21.Rc1 Rd8 22.Rc3 Nxg2+  0-1

[Event "Acropolis GM Open"]
[Site "Athens GRE"]
[Date "2005.03.08"]
[Round "3"]
[White "Gashimov,V"]
[Black "Managadze,N"]
[Result "1-0"]
[WhiteElo "2585"]
[BlackElo "2430"]

1.e4 e5 2.Nf3 d6 3.d4 Nd7 4.Bc4 c6 5.O-O Be7 6.dxe5 dxe5 7.Ng5 Bxg5 8.Qh5 Qe7
9.Bxg5 Ngf6 10.Qh4 Nf8 11.Bxf6 gxf6 12.Qh6 Rg8 13.Nc3 Bg4 14.Qe3 Ng6 15.f3 Be6
16.Bxe6 fxe6 17.Ne2 Rd8 18.Kh1 b6 19.f4 exf4 20.Nxf4 Nxf4 21.Qxf4 Rg6 22.Rad1 c5
23.h3 Kf8 24.e5 f5 25.Qf3 Kg7 26.Rxd8 Qxd8 27.Rd1 Qh4 28.Kh2 Kh8 29.g3 Qe7
30.Rd6 Rg8 31.h4 Rc8 32.Qb3 c4 33.Qe3 Rc5 34.Qh6 Rxe5 35.Rd7  1-0

[Event "Acropolis GM Open"]
[Site "Athens GRE"]
[Date "2005.03.09"]
[Round "4"]
[White "Hamdouchi,H"]
[Black "Gashimov,V"]
[Result "0-1"]
[WhiteElo "2555"]
[BlackElo "2585"]

1.e4 c5 2.Nc3 g6 3.d4 cxd4 4.Qxd4 Nf6 5.Nf3 Nc6 6.Qa4 d6 7.e5 dxe5 8.Nxe5 Bd7
9.Nxd7 Qxd7 10.Bb5 Bg7 11.O-O O-O 12.Rd1 Qf5 13.Be3 Ne5 14.Be2 a6 15.Qf4 Rac8
16.Qxf5 gxf5 17.Bd4 Nc4 18.Bxf6 Bxf6 19.Nd5 Nxb2 20.Nxf6+ exf6 21.Rd6 Kg7
22.Bf3 Nc4 23.Rd7 b5 24.Ra7 a5 25.Be2 a4 26.a3 Rfe8 27.Bd3 f4 28.h3 Re5 29.Rb7 Rcc5
30.Rd7 Nb2 31.Rd4 Nxd3 32.cxd3 Rc3 33.Rxf4 Rxd3 34.Rb4 Rc5 35.Rab1 Rdd5 36.R1b2 Kf8
37.g3 Ke7 38.Re2+ Re5 39.Rd2 Rc4 40.Rb1 f5 41.Rdb2 Rcc5 42.Rb4 Kd6 43.Kg2 Red5
44.Rh4 Rc3 45.Rxh7 Rxa3 46.Rxf7 Rb3 47.Re1 Re5 48.Rd1+ Kc5 49.h4 a3 50.Ra1 b4
51.h5 Rd3 52.h6 Rd8 53.h7 Kb6 54.Rh1 Rh8 55.Rh6+ Kb5 56.Rb7+ Ka4 57.Rhb6 Re4
58.Rg6 Kb3 59.f3 Re2+ 60.Kf1 Rc2 61.Rgb6 Rc4 62.Ra7 Kb2 63.Rba6 Kc2 64.Rb6 Kb2
65.Rba6 Rc2 66.Kg1 Rd8 67.Rd6 Rxd6 68.h8=Q+ Kb1  0-1

[Event "5th Amplico AIG Life"]
[Site "Warsaw POL"]
[Date "2005.12.17"]
[Round "6"]
[White "Gashimov,V"]
[Black "Stryjecki,M"]
[Result "1-0"]
[WhiteElo "2608"]
[BlackElo "2420"]

1.c4 g6 2.g3 Bg7 3.Bg2 d6 4.Nc3 c5 5.e3 Nc6 6.Nge2 Nf6 7.O-O O-O 8.d4 Bd7
9.a3 a6 10.Rb1 Na5 11.Qd3 cxd4 12.Nxd4 Nc6 13.b3 Nxd4 14.Qxd4 Bc6 15.Qd3 Bxg2
16.Kxg2 Rc8 17.Bb2 Qc7 18.e4 e6 19.Rfd1 Rfd8 20.f3 Qc6 21.Rbc1 Nd7 22.Qc2 Bh6
23.Rb1 Bg7 24.Ne2 Bxb2 25.Qxb2 b5 26.Rbc1 Ne5 27.c5 Qb7 28.cxd6 Rxc1 29.Qxc1 Qb6
30.Qc7 Nd7 31.Nd4 Kg7 32.b4 h5 33.h4  1-0

[Event "5th Amplico AIG Life"]
[Site "Warsaw POL"]
[Date "2005.12.17"]
[Round "7"]
[White "Urban,K"]
[Black "Gashimov,V"]
[Result "1/2-1/2"]
[WhiteElo "2462"]
[BlackElo "2608"]

1.Nf3 c5 2.c4 g6 3.d4 cxd4 4.Nxd4 Bg7 5.e4 Nc6 6.Be3 Nf6 7.Nc3 O-O 8.Be2 b6
9.O-O Bb7 10.f3 e6 11.Nxc6 Bxc6 12.Qd6 Qb8 13.Rfd1 Qb7 14.Rac1 a6 15.a4 a5
16.Nb5 Rfc8 17.Qd2 Ne8 18.b3 Rd8 19.Bg5 f6 20.Bf4 d6 21.Bf1 Bf8 22.Qf2 Kh8
23.Be3 Rab8 24.Nd4 Bd7 25.Nb5 Bc6 26.Nd4 Bd7  1/2-1/2

[Event "5th Amplico AIG Life"]
[Site "Warsaw POL"]
[Date "2005.12.18"]
[Round "9"]
[White "Leniart,A"]
[Black "Gashimov,V"]
[Result "1-0"]
[WhiteElo "2303"]
[BlackElo "2608"]

1.d4 Nf6 2.c4 e6 3.Nf3 c5 4.d5 exd5 5.cxd5 Bd6 6.Nc3 O-O 7.Bg5 Re8 8.e3 Bc7
9.Bd3 d6 10.O-O a6 11.Nd2 Nbd7 12.Nde4 h6 13.Bh4 b5 14.Nxf6+ Nxf6 15.Qc2 c4
16.Bf5 Bxf5 17.Qxf5 Qd7 18.Qf3 Ng4 19.Bg3 Bb6 20.Rfe1 Rac8 21.h3 Ne5 22.Bxe5 Rxe5
23.Rac1 Rce8 24.Kh2 Qb7 25.a3 Bc5 26.Red1 Qe7 27.Rc2 Bb6 28.Qg3 h5 29.e4 Rg5
30.Qf4 Rg6 31.f3 h4 32.Re2 Rg5 33.Kh1 Rh5 34.Qg4 Rh6 35.f4 Rg6 36.Qf3 Rg3
37.Qf1 Ba5 38.e5 Bxc3 39.bxc3 Rxc3 40.exd6 Qd7 41.Rxe8+ Qxe8 42.Re1 Re3 43.d7 Rxe1
44.dxe8=Q+ Rxe8 45.d6 Kf8 46.Qf2 Rd8 47.Qc5 Ke8 48.Qe5+  1-0

[Event "5th Amplico AIG Life"]
[Site "Warsaw POL"]
[Date "2005.12.18"]
[Round "13"]
[White "Romanov,E"]
[Black "Gashimov,V"]
[Result "0-1"]
[WhiteElo "2479"]
[BlackElo "2608"]

1.e4 d5 2.exd5 Qxd5 3.Nf3 Nf6 4.Be2 Nc6 5.d4 Bg4 6.h3 Bxf3 7.Bxf3 Qe6+ 8.Be3 Nd5
9.Qe2 Qd6 10.Nc3 g6 11.O-O-O Bg7 12.Ne4 Qb4 13.c3 Qa5 14.Nc5 O-O 15.Nxb7 Qb6
16.Nc5 Rab8 17.Rd2 Rfd8 18.Rhd1 a5 19.g4 e6 20.g5 a4 21.h4 h5 22.Rc2 Kh7
23.Nd3 Ra8 24.b3 Bf8 25.Kb1 Bc5 26.dxc5  0-1

[Event "TCh-FRA Top 16 Gp A"]
[Site "Clichy FRA"]
[Date "2006.02.03"]
[Round "1"]
[White "Gashimov,V"]
[Black "Lepelletier,B"]
[Result "1-0"]
[WhiteElo "2625"]
[BlackElo "2437"]

1.e4 c5 2.Nc3 e6 3.Nf3 d6 4.d4 cxd4 5.Nxd4 Nf6 6.g4 Nc6 7.g5 Nd7 8.Be3 Be7
9.h4 a6 10.Qd2 O-O 11.O-O-O Nxd4 12.Qxd4 b5 13.h5 Bxg5 14.h6 Bf6 15.e5 Bxe5
16.Qe4 d5 17.Nxd5 exd5 18.Qxd5 g6 19.Qxa8 Qf6 20.Qe4 Bxb2+ 21.Kb1 Ba3 22.Qd4 Qxd4
23.Bxd4 Nc5 24.Bh3 f5 25.Bg2 Ne6 26.Bd5 Kf7 27.Rhe1 Re8 28.Rd3 Bc5 29.Re2 Rd8
30.Be5 Be7 31.Bb3 Rxd3 32.cxd3 Bf6 33.Rc2 Bxe5 34.Rxc8 Ke7 35.Rc6 Nf8 36.Rxa6 Bd4
37.f3 Be3 38.Ra5 Bxh6 39.Rxb5 Bf4 40.Rb7+ Kd8 41.Rf7 Nd7 42.d4 h5 43.a4 Nb8
44.Kc2 Nc6 45.Kd3 h4 46.Rh7 g5 47.Be6 Ne7 48.Kc4  1-0

[Event "TCh-FRA Top 16 Gp A"]
[Site "Clichy FRA"]
[Date "2006.02.05"]
[Round "3"]
[White "Gashimov,V"]
[Black "Naiditsch,A"]
[Result "1/2-1/2"]
[WhiteElo "2625"]
[BlackElo "2657"]

1.e4 e5 2.Nf3 Nc6 3.Bb5 a6 4.Ba4 Nf6 5.O-O Be7 6.Re1 b5 7.Bb3 O-O 8.h3 Bb7
9.d3 d6 10.a3 Qd7 11.Nc3 Rae8 12.a4 b4 13.Nd5 Nxd5 14.Bxd5 Nd8 15.Bxb7 Nxb7
16.d4 exd4 17.Qxd4 a5 18.Qd5 Qc8 19.Bf4 Nc5 20.Be3 c6 21.Qc4 Ne6 22.Rad1 Qb7
23.Rd3 Rc8 24.Red1 Rfd8 25.Qb3 Qa6 26.Nd2 Bg5 27.Qc4 Qb7 28.Bxg5 Nxg5 29.Nb3 Qc7
30.R3d2 h6 31.h4 Ne6 32.Nd4 Nxd4  1/2-1/2

[Event "TCh-FRA Top 16 Gp A"]
[Site "Montpellier FRA"]
[Date "2006.03.30"]
[Round "4"]
[White "Bunzmann,D"]
[Black "Gashimov,V"]
[Result "0-1"]
[WhiteElo "2537"]
[BlackElo "2625"]

1.c4 c5 2.Nf3 g6 3.g3 Bg7 4.Bg2 Nc6 5.O-O e6 6.e3 Nge7 7.d4 cxd4 8.exd4 d5
9.cxd5 exd5 10.Nc3 O-O 11.Qb3 Bg4 12.Be3 Qd7 13.Rfe1 Rad8 14.Ne2 Nf5 15.Bg5 Rc8
16.Rad1 Rfe8 17.h3 Rxe2 18.hxg4 Nfxd4 19.Nxd4 Nxd4 20.Qxd5 Qxd5 21.Bxd5 Rc5
22.Rxe2 Nxe2+ 23.Kg2 Nd4 24.Rc1 Rxd5 25.Rc8+ Bf8 26.Bf6 Ne6 27.f4 h6 28.Kf3 Kh7
29.Ke4 Rc5 30.Rb8 Bg7 31.Bxg7 Kxg7 32.Rxb7 Ra5  0-1

[Event "TCh-FRA Top 16 Gp A"]
[Site "Montpellier FRA"]
[Date "2006.03.31"]
[Round "5"]
[White "Gashimov,V"]
[Black "Navara,D"]
[Result "0-1"]
[WhiteElo "2625"]
[BlackElo "2660"]

1.e4 e5 2.Nf3 Nc6 3.Bb5 a6 4.Ba4 Nf6 5.O-O Be7 6.Re1 b5 7.Bb3 O-O 8.h3 d6
9.c3 Na5 10.Bc2 c5 11.d4 Nd7 12.Nbd2 exd4 13.cxd4 Nc6 14.d5 Nce5 15.a4 Rb8
16.Nxe5 Nxe5 17.axb5 axb5 18.f4 Ng6 19.Nf3 Bh4 20.Nxh4 Qxh4 21.f5 Ne5 22.Rf1 Bd7
23.f6 Bxh3 24.fxg7 Kxg7 25.Ra3 Bg4 26.Qd2 b4 27.Rg3 f6 28.Qf2 Kh8 29.Qf4 Qh5
30.b3 Ra8 31.Bb1 Qg6 32.Bc2 h5 33.Bd1 Ra2 34.Bxg4 hxg4 35.Qh6+ Qxh6 36.Bxh6 Rf7
37.Bf4 Kg8 38.Re3 Kf8 39.Ree1 Kg7 40.Re3 Ra3 41.Kf2 c4 42.bxc4 Nxc4 43.Rxa3 bxa3
44.Be3 Re7 45.Re1 Nxe3 46.Rxe3 Ra7 47.Re1 a2 48.Ra1 Ra3  0-1

[Event "Ataturk Festival Open"]
[Site "Adana TUR"]
[Date "2006.11.06"]
[Round "1"]
[White "Gashimov,V"]
[Black "Bayrak,A"]
[Result "1-0"]
[WhiteElo "2643"]
[BlackElo "2032"]

1.e4 c6 2.c4 d5 3.exd5 cxd5 4.cxd5 Nf6 5.Qa4+ Bd7 6.Qb3 Qc7 7.Nc3 Na6 8.d4 e6
9.Nf3 exd5 10.Bxa6 bxa6 11.O-O Rb8 12.Nxd5 Nxd5 13.Qxd5 Be7 14.Qe4 Qb7 15.d5 Be6
16.Qa4+ Bd7 17.Qe4 Be6 18.Rd1 O-O 19.Bg5 Bd6 20.Be3 h6 21.Qd4 Bf5 22.b3 Rbc8
23.Qxa7 Qxa7 24.Bxa7 Bg4 25.Rac1 Bxf3 26.gxf3 Rfe8 27.Rc6 Ra8 28.Bb6  1-0

[Event "Ataturk Festival Open"]
[Site "Adana TUR"]
[Date "2006.11.07"]
[Round "2"]
[White "Hajiyev,A"]
[Black "Gashimov,V"]
[Result "0-1"]
[WhiteElo "1825"]
[BlackElo "2643"]

1.d4 Nf6 2.c4 e6 3.Nf3 c5 4.g3 cxd4 5.Nxd4 Qb6 6.Bg2 Bc5 7.e3 Nc6 8.Nb3 Be7
9.O-O O-O 10.Nc3 d5 11.cxd5 exd5 12.Nd4 Rd8 13.b3 Bg4 14.f3 Bd7 15.Bb2 Re8
16.Qd2 Nxd4 17.exd4 Bb4 18.Rfe1 Rac8 19.Rxe8+ Rxe8 20.Kf2 h5 21.Re1 Rc8 22.Rc1 h4
23.Bf1 Rc6 24.Qf4 hxg3+ 25.hxg3 Bxc3 26.Rxc3 Ne4+  0-1

[Event "Ataturk Festival Open"]
[Site "Adana TUR"]
[Date "2006.11.08"]
[Round "3"]
[White "Gashimov,V"]
[Black "Sulashvili,M"]
[Result "0-1"]
[WhiteElo "2643"]
[BlackElo "2431"]

1.e4 c6 2.d4 d5 3.Nd2 dxe4 4.Nxe4 Bf5 5.Ng3 Bg6 6.h4 h6 7.Nf3 Nd7 8.h5 Bh7
9.Bd3 Bxd3 10.Qxd3 e6 11.Bd2 Qc7 12.O-O-O Ngf6 13.Qe2 c5 14.Ne4 Nxe4 15.Qxe4 O-O-O
16.Qe2 Bd6 17.dxc5 Bxc5 18.Rh4 Nb6 19.Rg4 Rhg8 20.Bf4 Bd6 21.Be3 Kb8 22.Bd4 Nd5
23.Rxg7 Rxg7 24.Bxg7 f6 25.Rxd5 Bf4+ 26.Kb1 Rxd5 27.Bxf6 Qc4 28.Qe1 Qe4 29.Qf1 Rxh5
30.Bc3 Rd5 31.a3 a6 32.Ng1 Be5 33.Ne2 Qc4 34.Qe1 Qg4 35.Qf1 Bxc3 36.Nxc3 Rg5
37.Qd3 Qf4 38.f3 Rc5 39.Qe2 Qe5 40.Qd3 h5 41.Qd8+ Rc8 42.Qd2 h4 43.Ne4 Qh2
44.Nf6 h3 45.Nd7+ Kc7 46.Qc3+ Kxd7 47.Qg7+ Kd8 48.Qf8+ Kc7  0-1

[Event "Ataturk Festival Open"]
[Site "Adana TUR"]
[Date "2006.11.09"]
[Round "4"]
[White "Gashimov,V"]
[Black "Suleimanov,S"]
[Result "1-0"]
[WhiteElo "2643"]
[BlackElo "2280"]

1.e4 Nf6 2.Nc3 d5 3.e5 d4 4.exf6 dxc3 5.bxc3 exf6 6.Nf3 Bd6 7.Be2 O-O 8.O-O Re8
9.d4 c6 10.Be3 Qc7 11.h3 f5 12.Bd3 g6 13.Re1 Nd7 14.Bg5 Rxe1+ 15.Qxe1 Kg7
16.Qe8 Nb6 17.Bd8 Qb8 18.Qe2 Nd5 19.c4 Nf4 20.Qd2 Be6 21.Ba5 b5 22.d5 Bd7
23.c5  1-0

[Event "Ataturk Festival Open"]
[Site "Adana TUR"]
[Date "2006.11.11"]
[Round "6"]
[White "Morchiashvili,B"]
[Black "Gashimov,V"]
[Result "1-0"]
[WhiteElo "2397"]
[BlackElo "2643"]

1.d4 Nf6 2.c4 e6 3.Nc3 c5 4.d5 exd5 5.cxd5 Bd6 6.Nf3 O-O 7.Bg5 Re8 8.e3 Bf8
9.Bd3 d6 10.h3 Nbd7 11.O-O a6 12.a4 Qc7 13.b3 g6 14.Qc2 Bg7 15.Rae1 Rb8 16.Nd2 h6
17.Bh4 Ne5 18.Be2 c4 19.bxc4 b5 20.axb5 axb5 21.Nxb5 Qb6 22.Bxf6 Bxf6 23.Ne4 Be7
24.c5 dxc5 25.d6 Bd8 26.Nc7 Bxc7 27.Nf6+ Kf8 28.dxc7 Qxc7 29.Nxe8 Kxe8 30.Rc1 Nd7
31.Bg4 Rb5 32.Rfd1 h5 33.Qe4+ Kf8 34.Qd3 Rb7 35.Bxd7 Bxd7 36.Qd5  1-0

[Event "Ataturk Festival Open"]
[Site "Adana TUR"]
[Date "2006.11.13"]
[Round "7"]
[White "Gashimov,V"]
[Black "Alexanian,N"]
[Result "1-0"]
[WhiteElo "2643"]
[BlackElo "2143"]

1.d4 Nf6 2.Nc3 d5 3.Bg5 Bf5 4.Bxf6 exf6 5.e4 dxe4 6.Qe2 Bd6 7.g4 Bg6 8.Bg2 O-O
9.h4 h6 10.h5 Bh7 11.Bxe4 Re8 12.O-O-O f5 13.gxf5 Bxf5 14.Kb1 Bb4 15.Qf3 Bxe4
16.Nxe4 Qe7 17.Ng3 Nc6 18.N1e2 a5 19.Rhg1 Kh8 20.Qg2 Qg5 21.Qh1 Qg4 22.f3 Qg5
23.Ne4 Qf5 24.Qg2 Bf8 25.Qg3 Nb4 26.N2c3 c6 27.a3 Qe6 28.Nc5 Qc4 29.Nd7 Nd5
30.Nxf8  1-0

[Event "Arctic Chess Challenge"]
[Site "Tromso NOR"]
[Date "2007.08.08"]
[Round "5"]
[White "Epishin,V"]
[Black "Gashimov,V"]
[Result "1/2-1/2"]
[WhiteElo "2587"]
[BlackElo "2655"]

1.d4 Nf6 2.c4 e6 3.Nc3 Bb4 4.e3 O-O 5.Ne2 d5 6.a3 Be7 7.cxd5 Nxd5 8.Qc2 Nd7
9.Bd2 N5b6 10.Rd1 c5 11.g3 Nf6 12.Bg2 Bd7 13.dxc5 Bxc5 14.O-O Qc8 15.Ne4 Be7
16.Qxc8 Raxc8 17.Nxf6+ Bxf6 18.Bb4 Rfd8 19.Bxb7  1/2-1/2

[Event "Arctic Chess Challenge"]
[Site "Tromso NOR"]
[Date "2007.08.10"]
[Round "7"]
[White "Lahlum,H"]
[Black "Gashimov,V"]
[Result "0-1"]
[WhiteElo "2214"]
[BlackElo "2655"]

1.d4 Nf6 2.c4 e6 3.Nc3 Bb4 4.Qc2 d5 5.cxd5 exd5 6.Bg5 c5 7.dxc5 h6 8.Bh4 g5
9.Bg3 Ne4 10.e3 Qf6 11.Bb5+ Nc6 12.Nf3 O-O 13.O-O Bxc3 14.bxc3 Nxc5 15.Nd4 Bd7
16.Nxc6 Bxc6 17.c4 Bxb5 18.cxb5 Rac8 19.Rac1 Rfd8 20.Rfd1 b6 21.Qc3 Qe6 22.h4 f6
23.hxg5 hxg5 24.Qd4 Kg7 25.f3 Qe8 26.Rb1 Ne6 27.Qd3 Rc4 28.Qf5 Rc5 29.Qd3 d4
30.exd4 Nxd4 31.Re1 Qf8 32.Qe4 Rc2 33.Bf2 Qc5 34.Rbd1 Rxf2 35.Qe7+ Qxe7 36.Rxe7+ Kf8
37.Re4 Nxf3+ 38.Kxf2 Rxd1 39.Kxf3 Rd3+ 40.Kg4 Kf7 41.Ra4 Kg6 42.g3 f5+ 43.Kh3 f4
44.Rxa7 Rxg3+ 45.Kh2 Rd3 46.a4 Kf5 47.Ra6 Kg4  0-1

[Event "TCh-FRA Top 16 Gp A"]
[Site "Marseille FRA"]
[Date "2008.03.23"]
[Round "2"]
[White "Gashimov,V"]
[Black "Miton,K"]
[Result "1-0"]
[WhiteElo "2665"]
[BlackElo "2609"]

1.e4 e5 2.Nf3 Nc6 3.Bb5 a6 4.Ba4 Nf6 5.O-O Be7 6.Re1 b5 7.Bb3 O-O 8.h3 Bb7
9.d3 d6 10.a3 Qd7 11.Nbd2 Nd8 12.Nf1 Ne6 13.Ng3 Rfe8 14.c3 c5 15.Ba2 Rad8
16.b4 Qc7 17.Ng5 Nxg5 18.Bxg5 Nd5 19.Bd2 Nb6 20.Nf5 Bc8 21.Qh5 Bf6 22.Nxd6 Rxd6
23.bxc5 Rxd3 24.cxb6 Qd7 25.Rad1 g6 26.Qe2 Rd6 27.Be3 Bb7 28.Qf3 Kg7 29.Bg5 Qe7
30.Rxd6 Qxd6 31.Rd1 Qe7 32.Rd7 Bxg5 33.Rxe7 Rxe7 34.Qd3 h5 35.Bd5 Rd7 36.c4 bxc4
37.Qxc4 h4 38.Qa4  1-0

[Event "Galicia Festival Blitz"]
[Site "Ourense ESP"]
[Date "2009.09.26"]
[Round "1"]
[White "Gonzalez Roca,P"]
[Black "Gashimov,V"]
[Result "0-1"]
[WhiteElo "1957"]
[BlackElo "2740"]

1.e4 c5 2.Nf3 d6 3.d4 cxd4 4.Nxd4 Nf6 5.Nc3 g6 6.Be3 Bg7 7.Bc4 O-O 8.f3 Nc6
9.Qd2 Bd7 10.O-O-O Rc8 11.Bb3 Nxd4 12.Bxd4 b5 13.g4 a5 14.g5 Nh5 15.a4 bxa4
16.Nxa4 Bxa4 17.Bxa4 Rc4 18.Bxg7 Nxg7 19.Bb3 Rb4 20.h4 Qb6 21.Qc3 Nh5 22.Rh2 a4
23.Ba2 Rb8 24.b3 Qa6 25.Rhd2 axb3 26.Bxb3 Rxb3 27.cxb3 Rc8 28.Qxc8+ Qxc8+
29.Kb2 Qh3 30.e5 dxe5 31.Rd8+ Kg7 32.Rc8  0-1

[Event "Galicia Festival Blitz"]
[Site "Ourense ESP"]
[Date "2009.09.26"]
[Round "4"]
[White "Gashimov,V"]
[Black "Hamdouchi,H"]
[Result "1-0"]
[WhiteElo "2740"]
[BlackElo "2590"]

1.e4 d5 2.exd5 Qxd5 3.Nc3 Qa5 4.d4 Nf6 5.Nf3 Bf5 6.Bc4 c6 7.Bd2 e6 8.Nd5 Qd8
9.Nxf6+ gxf6 10.O-O Rg8 11.Re1 Bg4 12.Kh1 Qd6 13.b4 Nd7 14.b5 cxb5 15.Bxb5 O-O-O
16.Rb1 Qd5 17.Bf4 Bxf3 18.gxf3 Nb6 19.c3 Bd6 20.Bg3 Qh5 21.f4 Qd5+ 22.Kg1 Bxf4
23.c4 Qxd4 24.Qf3 Bxg3 25.hxg3 Qc5 26.a4 Nd7 27.Ba6 Nb6 28.Qxb7+  1-0

[Event "World Blitz"]
[Site "Moscow RUS"]
[Date "2009.11.16"]
[Round "1"]
[White "Gashimov,V"]
[Black "Karpov,Ana"]
[Result "0-1"]
[WhiteElo "2758"]
[BlackElo "2619"]

1.e4 d5 2.d4 c5 3.Nc3 dxe4 4.Nxe4 Bf5 5.Ng3 Bg6 6.h4 h6 7.Nf3 Nd7 8.h5 Bh7
9.Bd3 Bxd3 10.Qxd3 e6 11.Bd2 Ngf6 12.O-O-O Qc7 13.Qe2 O-O-O 14.Ne5 Nb6 15.Ba5 Rd5
16.Bxb6 axb6 17.Kb1 b5 18.c3 Rd8 19.f4 Nd5 20.Qf3 Bd6 21.Ne4 Rhe8 22.g3 Kb8
23.Rhe1 f6 24.Nd3 Bf8 25.Nexc5 Bxc5 26.Nxc5 Qf7 27.Qg4 Nc7 28.Qf3 Rd5 29.g4 Red8
30.Nd3 Na6 31.a3 Qd7 32.Kc1 Qd6 33.Qe3 Re8 34.f5 Nc7 35.Nf4 exf5 36.Qf2 Rxe1
37.Rxe1 fxg4 38.Nxd5 Nxd5 39.Re4 g3 40.Qf3 f5 41.Qxf5 g2 42.Rg4 Ne3 43.Qf3 Nxg4
44.Qxg2 Qf4+ 45.Kb1 Qf5+ 46.Ka1 Qxh5 47.Qg3+ Kc8 48.Qd6 Qf7 49.Qg3 Nf6 50.Qh3+ Qd7
51.Qg3 h5 52.Qf4 Qd5 53.Qg3 g5 54.Qf2 Qe6 55.Qd2  0-1

[Event "TCh-ISR"]
[Site "Israel ISR"]
[Date "2010.04.16"]
[Round "5"]
[White "Gashimov,V"]
[Black "Oleksienko,M"]
[Result "0-1"]
[WhiteElo "2759"]
[BlackElo "2546"]

1.e4 c5 2.Nf3 d6 3.d4 cxd4 4.Nxd4 Nf6 5.Nc3 a6 6.Bg5 e6 7.f4 Qc7 8.Bxf6 gxf6
9.Nb3 h5 10.Be2 h4 11.Bg4 Nd7 12.O-O b5 13.f5 Nc5 14.fxe6 fxe6 15.Nd4 b4
16.Nd5 exd5 17.exd5 Qg7 18.Bxc8 Rxc8 19.a3 b3 20.cxb3 h3 21.g3 Qg5 22.Qe2+ Qe5
23.Qg4 Kd8 24.Nc6+ Rxc6 25.dxc6 Qxb2 26.Qf3 Kc7 27.Rae1 Nd3 28.Re2 Qd4+ 29.Kh1 Ne5
30.Qxf6 Qd5+ 31.Kg1 Qd4+ 32.Ref2 Rg8 33.Qf5 Rh8 34.Qf6 Bh6 35.Qe7+ Kxc6 36.Qh4 Nf3+  0-1

[Event "29th European Blitz"]
[Site "Warsaw POL"]
[Date "2010.12.17"]
[Round "3"]
[White "Gashimov,V"]
[Black "Stupak,K"]
[Result "1-0"]
[WhiteElo "2733"]
[BlackElo "2530"]

1.e4 e6 2.d3 c5 3.g3 g6 4.Bg2 Bg7 5.Nc3 Ne7 6.h4 h6 7.h5 g5 8.f4 gxf4 9.gxf4 Nbc6
10.Be3 d6 11.Qd2 a6 12.Nf3 Nd4 13.Bf2 Nec6 14.Nxd4 Bxd4 15.Nd1 Bxf2+ 16.Nxf2 Qc7
17.Ng4 Bd7 18.Nf6+ Ke7 19.Nxd7 Kxd7 20.O-O-O Qa5 21.Qxa5 Nxa5 22.f5 Rhg8
23.Bh3 Ke7 24.Rhg1 Nc6 25.Rdf1 Ne5 26.Kd1 Rxg1 27.Rxg1 Nf3 28.f6+ Kf8 29.Rf1 Ng5
30.Bg2  1-0

[Event "29th European Blitz"]
[Site "Warsaw POL"]
[Date "2010.12.17"]
[Round "11"]
[White "Gashimov,V"]
[Black "Andriasian,Z"]
[Result "1/2-1/2"]
[WhiteElo "2733"]
[BlackElo "2585"]

1.c4 e5 2.g3 Nc6 3.Bg2 g6 4.Nc3 Bg7 5.Nf3 d6 6.O-O Nf6 7.d3 O-O 8.Rb1 a5
9.a3 h6 10.b4 axb4 11.axb4 Be6 12.b5 Ne7 13.Qb3 Qd7 14.d4 exd4 15.Nxd4 Bh3
16.Rd1 Bxg2 17.Kxg2 Nf5 18.Nxf5 Qxf5 19.f3 Qe6 20.e4 c6 21.Bf4 Rfd8 22.Rd3 g5
23.Be3 Nd7 24.Ne2 Ne5 25.Rc3 cxb5 26.Nd4 Qg6 27.Nf5 bxc4 28.Rxc4 Kh7 29.Rc7 d5
30.Nxg7 dxe4 31.f4 Rd3 32.Qb2 Ng4 33.Bd4 gxf4 34.Qxb7 Ra2+ 35.Kg1 Nxh2 36.Nf5 Nf3+
37.Kf1 Nd2+ 38.Ke1 Nf3+ 39.Kf1 Nh2+ 40.Ke1 Nf3+ 41.Kf1 Nh2+ 42.Ke1  1/2-1/2

[Event "29th European Blitz"]
[Site "Warsaw POL"]
[Date "2010.12.17"]
[Round "11"]
[White "Andriasian,Z"]
[Black "Gashimov,V"]
[Result "0-1"]
[WhiteElo "2585"]
[BlackElo "2733"]

1.e4 c5 2.Nf3 d6 3.d4 cxd4 4.Nxd4 Nf6 5.Nc3 a6 6.Bg5 e6 7.f4 Be7 8.Qf3 h6
9.Bh4 Qc7 10.O-O-O Nbd7 11.Be2 Rb8 12.Qg3 Rg8 13.Rhf1 b5 14.f5 e5 15.Ne6 Qb6
16.Nd5 Nxd5 17.exd5 Nf6 18.Kb1 Bb7 19.Bf3 Rc8 20.Qh3 fxe6 21.Bxf6 Bxf6 22.fxe6 Ke7
23.Be4 Qd8 24.Rf3 Rc4 25.Bg6 e4 26.Rf4 e3 27.Qxe3 Rxf4 28.Qxf4 Qb6 29.Be4 Rf8
30.Qg4 Qe3 31.Bf3 Qe5 32.Qb4 Rc8 33.a4 Rc4 34.Qb3 Rxa4 35.Bh5 Qxh5  0-1

[Event "European Rapid Championship"]
[Site "Warsaw POL"]
[Date "2010.12.18"]
[Round "2"]
[White "Lind,JO"]
[Black "Gashimov,V"]
[Result "0-1"]
[WhiteElo "2215"]
[BlackElo "2733"]

1.e4 g6 2.Nf3 Bg7 3.d3 c5 4.g3 Nc6 5.Bg2 d6 6.O-O Nf6 7.c3 O-O 8.Re1 Rb8
9.h3 e5 10.a3 h6 11.b4 b6 12.Bb2 a6 13.Nbd2 Re8 14.Rb1 cxb4 15.cxb4 Bb7 16.Qb3 b5
17.Nh4 Kf8 18.Qd1 Rc8 19.Nb3 Kg8 20.Kh2 Qb6 21.Rf1 Qd8 22.Re1 Rc7 23.Bc1 Nd7
24.Be3 Nd4 25.Bxd4 exd4 26.f4 Rc3 27.Nf3 Qb6 28.Qd2 Rec8 29.Rec1 R8c7 30.Ng1 f5
31.Ne2 fxe4 32.dxe4 R3c4 33.Rxc4 Rxc4 34.Rc1 Nf6 35.Qd3 Qc7 36.Rd1 Qe7 37.Na5 Bxe4
38.Bxe4 Nxe4 39.Kg2 d5 40.f5 gxf5 41.Nf4 Qf7 42.Nxc4 bxc4 43.Qf3 Kh7 44.a4 d3
45.g4 fxg4 46.hxg4 d2 47.b5 axb5 48.axb5 c3 49.b6 c2 50.b7 cxd1=Q  0-1

[Event "European Rapid Championship"]
[Site "Warsaw POL"]
[Date "2010.12.18"]
[Round "4"]
[White "Stupak,K"]
[Black "Gashimov,V"]
[Result "0-1"]
[WhiteElo "2530"]
[BlackElo "2733"]

1.d4 Nf6 2.Nf3 e6 3.g3 b5 4.Bg2 Bb7 5.O-O c5 6.c3 d5 7.Nbd2 Nbd7 8.dxc5 Nxc5
9.Nb3 Na4 10.Qc2 Rc8 11.a3 Be7 12.Bg5 O-O 13.Nfd4 a6 14.Rad1 Qb6 15.Rd2 h6
16.Bxf6 Bxf6 17.Rfd1 a5 18.Nc1 Rc4 19.e3 b4 20.axb4 axb4 21.Bf1 bxc3 22.bxc3 Rfc8
23.Bxc4 Rxc4 24.Qb3 Qc7 25.Nce2 Nc5 26.Qb5 Kh7 27.Ra1 e5 28.Nb3 Ne4 29.Ra7 Nd6
30.Qa5 Qc6 31.Rxb7 Qxb7 32.Qxd5 Qxd5 33.Rxd5 Rc6 34.Na5 Ra6 35.c4 Ne4 36.f3 Ng5
37.Kf2 Ne6 38.Nb3 Ra2 39.Nc5 Ng5 40.Nd7 e4 41.Nxf6+ gxf6 42.fxe4 Nxe4+ 43.Ke1 Ra3
44.Nf4 Rxe3+ 45.Kf1 Rc3 46.Rd4 Ng5 47.Rd7 Rxc4 48.h4 Ne4 49.Kg2 Kg7 50.Nh5+ Kg6
51.Nf4+ Kf5 52.Kf3 Rc3+ 53.Rd3 Rxd3+ 54.Nxd3 Nd2+ 55.Kg2 Nc4 56.Nf2 Ne5 57.Nd1 Ke4
58.Nc3+ Kd4 59.Nb5+ Kc5 60.Nc3 f5 61.Ne2 Kc4 62.Kf2 Kd3 63.Nf4+ Ke4 64.Nh5 Nd3+
65.Kg2 f4 66.Nf6+ Kf5 67.Ng8 h5 68.gxf4 Nxf4+ 69.Kg3 Nd5 70.Kf3 Kg6 71.Ke4 Nf6+
72.Nxf6 Kxf6 73.Kf4 Kg6 74.Ke4 f6 75.Kf4 Kg7 76.Ke4 Kf8 77.Kf4 Ke7 78.Kf5 Kf7
79.Ke4 Ke6 80.Kf4 f5 81.Kg5 Ke5 82.Kxh5 Kf6  0-1

[Event "European Rapid Championship"]
[Site "Warsaw POL"]
[Date "2010.12.18"]
[Round "6"]
[White "Bartel,Mat"]
[Black "Gashimov,V"]
[Result "1/2-1/2"]
[WhiteElo "2617"]
[BlackElo "2733"]

1.e4 c5 2.Ne2 g6 3.g3 Bg7 4.Bg2 Nc6 5.c3 e5 6.d3 Nge7 7.Be3 d6 8.O-O O-O
9.f4 f5 10.Nd2 Kh8 11.Nf3 fxe4 12.dxe4 Be6 13.Qd2 Qc7 14.Ng5 Bg8 15.Bh3 Rf6
16.f5 h6 17.Ne6 Bxe6 18.fxe6 Ng8 19.Rxf6 Nxf6 20.Bxh6 Nxe4 21.Qe3 Nf6 22.Rf1 Rf8
23.Bg5 Nh7 24.Rd1 Ne7 25.Bxe7 Qxe7 26.Qe4 Rf6 27.Bg2 b6 28.Qa8+ Bf8 29.c4 Qxe6
30.Nc3 Ng5 31.Ne4 Nxe4 32.Qxe4  1/2-1/2

[Event "European Rapid Championship"]
[Site "Warsaw POL"]
[Date "2010.12.18"]
[Round "7"]
[White "Gashimov,V"]
[Black "Kempinski,R"]
[Result "0-1"]
[WhiteElo "2733"]
[BlackElo "2597"]

1.e4 c5 2.Nf3 d6 3.d4 cxd4 4.Nxd4 Nf6 5.Nc3 a6 6.Bg5 e6 7.f4 Be7 8.Qf3 h6
9.Bh4 Qc7 10.O-O-O Nbd7 11.Be2 O-O 12.Bg3 Nh7 13.Bd3 b5 14.e5 Bb7 15.Bxh7+ Kxh7
16.Qd3+ Kg8 17.Nxe6 fxe6 18.exd6 Bxd6 19.Qxd6 Qxd6 20.Rxd6 Nc5 21.Re1 b4
22.Ne2 Rac8 23.Rg1 Be4 24.Nd4 Nd3+ 25.Kd2 Nxb2 26.Rxe6 Nc4+ 27.Kc1 Bd5 28.Re2 Nb6
29.Nb3 Na4 30.Re5 Nc3 31.Kb2 a5 32.Nc1 Na4+ 33.Kb1 Rfd8 34.Rge1 Nc3+ 35.Ka1 Bf7
36.Nd3 Nxa2 37.Rc5 Rxc5 38.Nxc5 Rd2 39.Kb2 a4 40.Nxa4 b3 41.Ka3 bxc2  0-1

[Event "European Rapid Championship"]
[Site "Warsaw POL"]
[Date "2010.12.19"]
[Round "10"]
[White "Fridman,D"]
[Black "Gashimov,V"]
[Result "1/2-1/2"]
[WhiteElo "2645"]
[BlackElo "2733"]

1.c4 c5 2.Nc3 g6 3.g3 Bg7 4.Bg2 Nc6 5.a3 e6 6.e3 Nge7 7.Nge2 d5 8.cxd5 exd5
9.d4 cxd4 10.exd4 O-O 11.O-O Be6 12.Be3 Nf5 13.Nf4 Ncxd4 14.Ncxd5 Bxd5 15.Nxd5 Nxe3
16.Nxe3 Qb6 17.b4 Rad8 18.Ra2 Qa6 19.a4 Bh6 20.Ng4 Bg5 21.h4 Be7 22.Rd2 Nf5
23.b5 Qb6 24.Kh1 Rxd2 25.Qxd2 Rd8 26.Qf4 Qd4 27.Qxd4 Rxd4 28.Ne3 Nxe3 29.fxe3 Rd7
30.Bf3 Kg7 31.Kg2 Bc5 32.Rd1 Re7 33.Rd3 b6 34.Bc6 Bxe3 35.Rd7 Rxd7 36.Bxd7 f5
37.h5 Kf6 38.hxg6 hxg6 39.Be8 g5 40.Bd7  1/2-1/2